00550nam a22001457a 4500003000400000005001700004008004100021040001400062100002700076245013000103260001000233300003000243500009900273504003200372OSt20171010095458.0120720t xxu||||| |||| 00| 0 eng d aMMSUcULS aCalon, Mamerto Jr. M.  aPhytochemical analysis and antimicrobial property of jute (Corchorus capsularis L.) crude leaf extractcMamerto M. Calon Jr.  c2008  axvii, 59 leaves c28 cm.  aThesis (BS Biology) -- Mariano Marcos State University-College of Arts & Sciences, Batac City  aBibliography: leaves 35-36